10 funs facts sur Charles de Gaulle - Statistiques

Statistiques générales
  • Ce quiz a été pris 17 fois
  • Le résultat moyen est 3 sur 10
Statistiques - réponses
Hint Réponse % Correct
Quel est le nom de l’aéroport parisien qui porte son nom en hommage à son héritage ? Roissy
81%
Dans quelle ville Charles de Gaulle est-il né en 1890 ? Lille
75%
Quel surnom les Français donnaient-ils souvent à Charles de Gaulle en raison de son physique imposant ? Le Grand Charles
50%
Quelle ville fut la capitale du gouvernement provisoire de Charles de Gaulle pendant la Seconde Guerre mondiale ? Alger
38%
En plus de son rôle militaire et politique, quel livre a-t-il écrit retraçant son expérience pendant la Seconde Guerre mondiale ? Mémoires de guerre
25%
Quelle célèbre allocution Charles de Gaulle a-t-il faite depuis Londres le 18 juin 1940 ? Appel à la résistance
19%
Quel poste a-t-il occupé en tant que premier président de la Cinquième République ? Président de la République française
13%
Quelle était la taille impressionnante de Charles de Gaulle, qui lui valait d’être remarqué dans les foules ? 1,96 mètre
0%
Lors de quelle crise internationale de 1967, de Gaulle a-t-il retiré la France du commandement militaire intégré de l’OTAN ? Crise de l’OTAN
0%
Quel objet Charles de Gaulle portait-il souvent et qui est devenu un symbole de son style ? Un képi
0%
Aucun quiz correspondant
Distribution des résultats
% des personnes avec chaque résultat
Percentile par nombre de réponses
Votre historique - résultats
Vous n’avez pas pris ce quiz